vocab de juju - Statistiques

Statistiques générales
  • Ce quiz a été pris 38 fois
  • Le résultat moyen est 2 sur 21
Answers on the Grid
Answers color-coded by a green-red scale on the quiz's grid according to % correct below.
dis bien
sans forget le plus important
si tu perds t'auras un gage
bakaaaaaka
on a encore eu de la chance
gros cakes
rouge tomate
mon sunshine
xoxo gossip girl
don't worry be happy
on en ferait le tour de l'assiette
arrête lucas
indeed indeed
mais ça va pooo ou quoi looo
nico
est ce que t'as déjà traversé bergerac à pied????
bling bling
à bout de ficelle
on l'a échappé belle
chouchou
gangbang
t'as pas de culotte????
elle touche le sky elle
c pas le potiron le plus fleuri du lavabo
pause caca
exactly
tes couverts sont archi sales
ayoooooo
moi tu sais depuis london
t'es né demain
 
Statistiques - réponses
Réponse % Correct
dis bien
50%
pause caca
38%
on a encore eu de la chance
25%
t'es né demain
25%
chouchou
13%
gros cakes
13%
mon sunshine
13%
si tu perds t'auras un gage
13%
t'as pas de culotte????
13%
à bout de ficelle
0%
arrête lucas
0%
ayoooooo
0%
don't worry be happy
0%
est ce que t'as déjà traversé bergerac à pied????
0%
exactly
0%
gangbang
0%
indeed indeed
0%
mais ça va pooo ou quoi looo
0%
moi tu sais depuis london
0%
nico
0%
rouge tomate
0%
Aucun quiz correspondant
Distribution des résultats
% des personnes avec chaque résultat
Percentile par nombre de réponses
Votre historique - résultats
Vous n’avez pas pris ce quiz